| 000 | 00532nam a2200145 a 4500 | ||
|---|---|---|---|
| 008 | 120416s1994 ||||||||||||||||| || u | ||
| 050 | _aHC 915 Eco | ||
| 100 | _aSumaili, Fanuel | ||
| 245 | 1 | 0 | _aEconomic development and democracy |
| 246 | _acritical issues in the third republic | ||
| 260 |
_aLusaka _bEconomic Association of Zambia _c1994 |
||
| 300 | _aii, 145p. : ill. | ||
| 350 | _a0.00 | ||
| 995 |
_D0.00 _FCBU-MAIN LIBRARY (Kitwe) _H1 _I0.00 _M1 _UAVAILABLE _ZZambiana Collection |
||
| 999 |
_c40782 _d40782 |
||